|
|
|
|
| LEADER |
00000nab a2200000 a 4500 |
| 001 |
vtls000714114 |
| 003 |
SK-MaSNL |
| 005 |
20260303204206.0 |
| 008 |
161006c1997 xo 0 slo |
| 015 |
|
|
|a SNBRA2000/02-05743
|
| 035 |
|
|
|a CLN000066281
|
| 040 |
|
|
|a SNKBUCL
|b slo
|c SNKBUCL
|e AACR2
|
| 041 |
0 |
|
|a slo
|
| 044 |
|
|
|a xo
|c SK
|
| 080 |
|
|
|a 595.76(437.6)
|2 1997
|
| 080 |
|
|
|a 591.9(437.6)
|2 1997
|
| 080 |
|
|
|a 502.4(437.6)
|2 1997
|
| 100 |
1 |
|
|a Jászay, Tomáš
|4 aut
|9 620733
|
| 245 |
1 |
0 |
|a Niekoľko poznámok k výskumu chrobákov (Coleoptera) slovenskej časti Pieninského národného parku
|c Tomáš Jászay
|
| 504 |
|
|
|a Res. angl.
|
| 504 |
|
|
|a Bibliogr. odkazy
|
| 650 |
0 |
7 |
|a chrobáky
|z Pieniny (Slovensko : národný park)
|x inventarizácia
|2 snkbucl
|9 1237638
|
| 651 |
|
7 |
|a Pieninský národný park (Slovensko)
|2 snkbucl
|9 13216
|
| 655 |
|
7 |
|a články zo zborníkov
|2 snkbucl
|9 166140
|
| 773 |
0 |
|
|w SK01SNK19980214907
|z 808868014X
|t Príroda Pienin v premenách
|d Tatranská Lomnica : Správa národných parkov SR, 1997
|g S. 104-109
|
| 850 |
|
|
|a Slovenská národná knižnica v Martine
|
| 852 |
|
|
|a SNK
|b KIS3GCP
|
| 958 |
|
|
|a NB
|
| 958 |
|
|
|a SK
|
| 999 |
|
|
|c 2188872
|d 2190802
|